Katalog der Felsbilder aus der Tschechoslowakischen Konzession in Nubien /

محفوظ في:

المؤلف الرئيسي: Vahala, František (مؤلف)

مؤلف مشترك: Český egyptologický ústav.

مؤلفون آخرون: Červíček, Pavel.

التنسيق: كتاب

اللغة: German

الموضوعات:

الوسوم: إضافة وسم

لا توجد وسوم, كن أول من يضع وسما على هذه التسجيلة!

رقم الطلب: GN865 .E3 V25 v.1-2

LEADER 01217namaa2200313 4500
001 14282
003 OSt
005 20210825133807.0
008 130303s1999 xr abe g b 000 0 ger d
952 |0 0  |1 0  |2 lcc  |4 0  |6 GN0865 E3 V25 V.00001-00002  |7 1  |9 18076  |a ARCE  |b ARCE  |d 2021-08-25  |l 0  |o GN865 .E3 V25 v.1-2  |p 1002718  |r 2021-08-25 00:00:00  |w 2021-08-25  |y BK 
999 |c 14978  |d 14978 
020 |a 8071848301 (set) 
040 |c ARCE Library 
043 |a f-ua--- 
050 0 4 |a GN865 .E3 V25 v.1-2 
100 1 |a Vahala, František,  |e author  |9 41509 
245 1 0 |a Katalog der Felsbilder aus der Tschechoslowakischen Konzession in Nubien /  |c Frantisek Vahala, Pavel Cervicek. 
264 1 |a Prag :   |b Verlag Karolinum,   |c 1999. 
300 |a 2 volumes :  |b illustrations, map, plans ;  |c 30 cm. 
500 |a At head of title : Tschechisches Agyptologisches Institut, Philosophie Fakultat der Karls-Universitat. 
504 |a Includes bibliographical references. 
650 0 |a Rock paintings  |z Nubia. 
650 0 |a Petroglyphs  |z Nubia. 
651 0 |a Nubia  |x Civilization  |x History. 
651 0 |a Nubia  |x Antiquities. 
700 1 |a Červíček, Pavel.  |9 27864 
710 2 |a Český egyptologický ústav. 
901 |a reviewed 
942 |c BK  |2 lcc